000 00547nam a2200217Ia 4500
003 OSt
005 20250812144139.0
008 210210b2010 xxu||||| |||| 00| 0 eng d
020 _a8131603431
040 _cAL
041 _aeng
082 _a362.1 PANC
100 _aRameshwari Pandya
_9235123
245 _aCommunity health education
260 _aJaipur
_bRawat Publications
_c2010
300 _aviii,255p
650 _aadult education
_9235128
690 _aGeneral and Personal Hygiene
_9235129
906 _a065101
942 _2ddc
_cBK
999 _c142697
_d142697